| 000 | 00995nam a2200289 i 4500 | ||
|---|---|---|---|
| 003 | DO-SdBNP | ||
| 005 | 20230531155347.0 | ||
| 007 | ta | ||
| 008 | 230531b2001 cu ||||| |||| 00| 0 spa d | ||
| 020 | _a9789592590908 | ||
| 040 |
_aDO-SdBNP _bspa _cBNPHU _erda |
||
| 082 | 4 | _222 | |
| 100 | 1 |
_aHeredia, Nicolás, _eautor _983488 |
|
| 245 | 0 | 3 |
_aLa sensibilidad en la poesía castellana / _cNicolás Heredia ; prólogo y notas Salvador Bueno ; edición Fermín Romero Alfau |
| 264 | 4 |
_aMadrid, España : _bAcademia Cubana de la Lengua, _c2001. |
|
| 300 |
_a187 páginas ; _c20 cm. |
||
| 336 |
_2rdacontent _atexto _btxt |
||
| 337 |
_2rdamedia _asin mediación _bn |
||
| 338 |
_2rdacarrier _avolumen _bnc |
||
| 490 | _aClásicos Cubanos | ||
| 500 | _aIncluye referencias bibliográficas y notas al pie de las páginas | ||
| 504 | _aBibliografía : p. 187 | ||
| 590 | _aInventariado, 2023/BT | ||
| 700 | 1 |
_aBueno, Salvador, _eprólogo y notas _945589 |
|
| 910 | _aBtavárez | ||
| 942 |
_2ddc _cLBS1 |
||
| 999 |
_c53670 _d53670 |
||